[Event "Bayern-ch Seniors 25th"]
[Site "Bergen"]
[Date "2013.06.22"]
[Round "9.7"]
[White "Ditmas, Hugh"]
[Black "Roggenstein, Bruno"]
[Result "1-0"]
[WhiteElo "1922"]
[BlackElo "1810"]
[PlyCount "89"]
[EventDate "2013.06.15"]
[EventType "swiss"]
[EventRounds "9"]
[EventCountry "GER"]
[SourceTitle "EXT 2022"]
[Source "ChessBase"]
[SourceDate "2021.10.06"]
[SourceVersion "1"]
[SourceVersionDate "2021.10.06"]
[SourceQuality "1"]

1. d4 d5 2. c4 e6 3. Nf3 Nf6 4. Nc3 a6 5. Bg5 Be7 6. e3 dxc4 7. Bxc4 b5 8. Bd3 Bb7 9. Rc1 Nbd7 10. 0-0 Rc8 11. Qe2 0-0 12. Rfd1 g6 13. e4 Nh5 14. Bh6 Re8 15. e5 Bxf3 16. Qxf3 Bg5 17. Bxg5 Qxg5 18. Ne4 Qf4 19. Qe2 f5 20. g3 Qh6 21. Nc5 Nxc5 22. Rxc5 Qg5 23. Qd2 Qxd2 24. Rxd2 Red8 25. Be2 Ng7 26. Bf3 Ne8 27. Bb7 Rb8 28. Bc6 Rbc8 29. f4 Kf7 30. Kf2 Ke7 31. Ke3 h6 32. Rdc2 g5 33. h4 gxf4+ 34. gxf4 Ng7 35. Bb7 Rb8 36. Bxa6 Rb6 37. Bxb5 Nh5 38. Rxc7+ Kf8 39. Rc8 Rb8 40. Rxb8 Rxb8 41. a4 Ng3 42. b4 Ne4 43. Rc4 Kf7 44. Bc6 Ng3 45. a5 1-0

[Event "Bayern-ch Seniors 25th"]
[Site "Bergen"]
[Date "2013.06.20"]
[Round "7.4"]
[White "Roggenstein, Bruno"]
[Black "Hein, Manfred"]
[Result "0-1"]
[WhiteElo "1810"]
[BlackElo "1942"]
[PlyCount "82"]
[EventDate "2013.06.15"]
[EventType "swiss"]
[EventRounds "9"]
[EventCountry "GER"]
[SourceTitle "EXT 2022"]
[Source "ChessBase"]
[SourceDate "2021.10.06"]
[SourceVersion "1"]
[SourceVersionDate "2021.10.06"]
[SourceQuality "1"]

1. d4 d5 2. c4 e6 3. Nf3 Nf6 4. e3 Be7 5. Nc3 0-0 6. Bd3 b6 7. 0-0 Bb7 8. b3 Nbd7 9. Bb2 c5 10. Qe2 Ne4 11. Nd2 Nxd2 12. Qxd2 cxd4 13. exd4 Nf6 14. Qe2 dxc4 15. bxc4 Qxd4 16. Ne4 Qd8 17. Rad1 Nxe4 18. Bxe4 Qc8 19. Qg4 g6 20. Bxb7 Qxb7 21. Qd4 f6 22. Qd7 Qxd7 23. Rxd7 Rfe8 24. g4 Rac8 25. Rc1 a5 26. h4 e5 27. Rb7 Bc5 28. g5 Re7 29. Rxe7 Bxe7 30. Kg2 fxg5 31. Bxe5 gxh4 32. Bd4 Bc5 33. Bf6 h3+ 34. Kg3 Rf8 35. Bh4 Bxf2+ 36. Kxh3 Bxh4 37. Kxh4 Rc8 38. a4 Kg7 39. Kg4 h5+ 40. Kg5 Rc5+ 41. Kh4 Kh6 0-1

[Event "Bayern-ch Seniors 25th"]
[Site "Bergen"]
[Date "2013.06.18"]
[Round "4.19"]
[White "Roggenstein, Bruno"]
[Black "Abel, Hans Peter"]
[Result "1-0"]
[WhiteElo "1810"]
[BlackElo "1696"]
[PlyCount "87"]
[EventDate "2013.06.15"]
[EventType "swiss"]
[EventRounds "9"]
[EventCountry "GER"]
[SourceTitle "EXT 2022"]
[Source "ChessBase"]
[SourceDate "2021.10.06"]
[SourceVersion "1"]
[SourceVersionDate "2021.10.06"]
[SourceQuality "1"]

1. d4 d5 2. c4 c6 3. cxd5 cxd5 4. Nf3 Nf6 5. Nc3 e6 6. h3 a6 7. Bg5 h6 8. Bh4 Bd6 9. e3 Nbd7 10. Bd3 Qb6 11. Qc2 g5 12. Bg3 Bxg3 13. fxg3 Qd6 14. Qf2 b5 15. 0-0 Bb7 16. Ne5 Rf8 17. Qf3 Nxe5 18. dxe5 Qxe5 19. Rae1 Ne4 20. Bxe4 dxe4 21. Qh5 Qg7 22. Re2 Ke7 23. Ref2 Qg6 24. Qe2 f5 25. Qc2 Rac8 26. Qb3 Kf6 27. a4 Bc6 28. axb5 axb5 29. Qb4 Kg7 30. Ne2 Qe8 31. Nd4 Bd7 32. Qd6 h5 33. Qe5+ Kg6 34. Rd2 Qe7 35. Ne2 Bc6 36. h4 Qf6 37. Qd6 Rfd8 38. Qb4 Rxd2 39. Qxd2 gxh4 40. Nf4+ Kh6 41. gxh4 Be8 42. Qf2 Rc7 43. Nh3 b4 44. Qf4+ 1-0

[Event "Bayern-ch Seniors 25th"]
[Site "Bergen"]
[Date "2013.06.17"]
[Round "3.2"]
[White "Urytskyy, Arkadiy"]
[Black "Roggenstein, Bruno"]
[Result "1-0"]
[WhiteElo "2023"]
[BlackElo "1810"]
[PlyCount "103"]
[EventDate "2013.06.15"]
[EventType "swiss"]
[EventRounds "9"]
[EventCountry "GER"]
[SourceTitle "EXT 2022"]
[Source "ChessBase"]
[SourceDate "2021.10.06"]
[SourceVersion "1"]
[SourceVersionDate "2021.10.06"]
[SourceQuality "1"]

1. Nf3 e6 2. g3 d5 3. Bg2 Nf6 4. 0-0 c5 5. b3 Nc6 6. Bb2 Be7 7. d4 b6 8. Nbd2 Bb7 9. c4 0-0 10. cxd5 exd5 11. Rc1 Rc8 12. dxc5 Bxc5 13. Bh3 Rc7 14. Ne5 Re8 15. Ndf3 Nxe5 16. Bxe5 Bd6 17. Bxd6 Qxd6 18. Nd4 Rc5 19. Qd2 Ne4 20. Qf4 Qxf4 21. gxf4 Nc3 22. Rc2 Re4 23. e3 Ba6 24. Rfc1 Nxa2 25. Rxc5 bxc5 26. Rxc5 Re8 27. Rxd5 Nb4 28. Ra5 g6 29. Rc5 Bd3 30. f5 Kg7 31. fxg6 hxg6 32. Rc7 a6 33. Be6 Rf8 34. Bc4 Bxc4 35. Rxc4 Rb8 36. Kf1 Rb6 37. Ke2 Nd5 38. Rc6 Rxc6 39. Nxc6 Kf6 40. Kd3 Ke6 41. Kd4 f6 42. e4 Nb6 43. b4 Nd7 44. f4 Kd6 45. Na5 g5 46. Nc4+ Kc6 47. fxg5 fxg5 48. Ne5+ Kc7 49. Nxd7 Kxd7 50. Ke5 Ke7 51. Kf5 Kd6 52. e5+ 1-0

[Event "Bayern-ch Seniors 24nd"]
[Site "Bergen"]
[Date "2012.06.22"]
[Round "7"]
[White "Geisensetter, Franz"]
[Black "Roggenstein, Bruno"]
[Result "1-0"]
[WhiteElo "1979"]
[BlackElo "1755"]
[PlyCount "113"]
[EventDate "2012.06.16"]
[EventType "swiss"]
[EventRounds "9"]
[EventCountry "GER"]
[SourceTitle "EXT 2015"]
[Source "ChessBase"]
[SourceDate "2014.11.20"]
[SourceVersion "1"]
[SourceVersionDate "2014.11.20"]
[SourceQuality "1"]

1. e4 e6 2. d4 d5 3. Nd2 dxe4 4. Nxe4 Nd7 5. Nf3 Ngf6 6. Bd3 Nxe4 7. Bxe4 Nf6 8. Bd3 Bd6 9. 0-0 h6 10. c4 b6 11. Qe2 0-0 12. b3 Bb7 13. Bb2 Qe7 14. Rad1 Rae8 15. Rfe1 Bb4 16. Rf1 Ba3 17. Bxa3 Qxa3 18. Ne5 c5 19. Bb1 cxd4 20. Rxd4 Rd8 21. Rfd1 Rxd4 22. Rxd4 Qc1+ 23. Rd1 Qg5 24. f3 g6 25. Kf2 Kg7 26. Qe3 Qh4+ 27. Kg1 Qh5 28. Qd4 Kh7 29. Qf4 Kg7 30. h3 Qg5 31. Qd4 Kh7 32. Qd6 Kg7 33. Kh1 Qg3 34. Nxf7 Nh5 35. Qxg3 Nxg3+ 36. Kh2 Ne2 37. Ne5 Bc8 38. Re1 Nc3 39. Bxg6 Nxa2 40. Ra1 Kf6 41. Rxa2 Kxe5 42. Rxa7 Kd4 43. Bb1 Ke3 44. b4 Rg8 45. Be4 Kd4 46. c5 bxc5 47. bxc5 Kxc5 48. Rh7 Kd4 49. Rxh6 Ke3 50. Rg6 Rh8 51. Kg3 e5 52. Rg5 Kd4 53. h4 Be6 54. h5 Bd5 55. Bxd5 Kxd5 56. f4 Kd6 57. Rxe5 1-0

[Event "Bayern-ch Seniors 24nd"]
[Site "Bergen"]
[Date "2012.06.21"]
[Round "6"]
[White "Roggenstein, Bruno"]
[Black "Schatz, Werner"]
[Result "1/2-1/2"]
[WhiteElo "1755"]
[BlackElo "1917"]
[PlyCount "34"]
[EventDate "2012.06.16"]
[EventType "swiss"]
[EventRounds "9"]
[EventCountry "GER"]
[SourceTitle "EXT 2015"]
[Source "ChessBase"]
[SourceDate "2014.11.20"]
[SourceVersion "1"]
[SourceVersionDate "2014.11.20"]
[SourceQuality "1"]

1. d4 g6 2. c4 Bg7 3. Nf3 d6 4. Nc3 a6 5. h3 Nd7 6. Bg5 h6 7. Bh4 c6 8. e3 Ngf6 9. Bd3 b5 10. Rc1 0-0 11. 0-0 Bb7 12. Qc2 Rc8 13. Qe2 Re8 14. Rfd1 Qa5 15. Nd2 b4 16. Nb3 Qd8 17. Na4 a5 1/2-1/2

[Event "Bayern-ch Seniors 24nd"]
[Site "Bergen"]
[Date "2012.06.17"]
[Round "2"]
[White "Roggenstein, Bruno"]
[Black "Hein, Manfred"]
[Result "0-1"]
[WhiteElo "1755"]
[BlackElo "1985"]
[PlyCount "88"]
[EventDate "2012.06.16"]
[EventType "swiss"]
[EventRounds "9"]
[EventCountry "GER"]
[SourceTitle "EXT 2015"]
[Source "ChessBase"]
[SourceDate "2014.11.20"]
[SourceVersion "1"]
[SourceVersionDate "2014.11.20"]
[SourceQuality "1"]

1. d4 Nf6 2. c4 e5 3. d5 Bc5 4. e3 d6 5. a3 a5 6. Nc3 Bf5 7. Nge2 c6 8. Ng3 Bg6 9. Be2 0-0 10. 0-0 cxd5 11. cxd5 e4 12. b3 Nbd7 13. Bb2 Rb8 14. Na4 b5 15. Nxc5 dxc5 16. f3 exf3 17. Bxf3 Re8 18. Re1 Ne4 19. Nxe4 Bxe4 20. Bxe4 Rxe4 21. Qf3 Qe7 22. Qg3 f6 23. Re2 Re8 24. Rae1 Ne5 25. Bxe5 Qxe5 26. Qxe5 R8xe5 27. Rd1 Kf7 28. Kf2 Rf5+ 29. Kg3 Ke7 30. Rd3 Kd6 31. Red2 Ree5 32. Kg4 Rg5+ 33. Kf3 Ref5+ 34. Ke4 Rf1 35. Rc3 Re5+ 36. Kd3 Rxd5+ 37. Ke2 Rxd2+ 38. Kxf1 Ra2 39. b4 axb4 40. axb4 c4 41. Rc1 Rb2 42. Ra1 Rxb4 43. Ra7 c3 44. Ke1 Rb1+ 0-1

[Event "Bayern-ch Seniors 23rd"]
[Site "Bergen"]
[Date "2011.05.31"]
[Round "4"]
[White "Purwin, Heinz"]
[Black "Roggenstein, Bruno"]
[Result "0-1"]
[WhiteElo "1584"]
[BlackElo "1664"]
[PlyCount "84"]
[EventDate "2011.05.28"]
[EventType "swiss"]
[EventRounds "9"]
[EventCountry "GER"]
[SourceTitle "EXT 2012"]
[Source "ChessBase"]
[SourceDate "2011.11.24"]
[SourceVersion "1"]
[SourceVersionDate "2011.11.24"]
[SourceQuality "1"]

1. e4 e6 2. Nf3 d5 3. e5 c5 4. c3 Nc6 5. Bb5 Bd7 6. Bxc6 Bxc6 7. 0-0 Ne7 8. d4 Ng6 9. Be3 b6 10. a4 Be7 11. Qd2 0-0 12. Ne1 Qd7 13. b3 c4 14. Qa2 cxb3 15. Qxb3 b5 16. a5 Rab8 17. Nc2 f5 18. f4 Qe8 19. Nb4 Bd7 20. Nd2 Qc8 21. Rfc1 Qb7 22. Qb2 Rfc8 23. Rc2 Rc7 24. Rac1 Rbc8 25. Nb3 Rc4 26. Nd2 R4c7 27. Nb3 a6 28. Nd3 Rc4 29. Ndc5 Bxc5 30. Nxc5 Qc6 31. g3 Rc7 32. Bd2 Bc8 33. Be3 Qe8 34. Rg2 Ne7 35. Kf2 Nc6 36. Ra1 b4 37. Bd2 Qh5 38. Nd3 bxc3 39. Bxc3 Nxd4 40. Rc1 Qf3+ 41. Kg1 Qxd3 42. Rd2 Nf3+ 0-1

[Event "Baden-ch Seniors"]
[Site "Haslach im Kinzigtal"]
[Date "2010.06.02"]
[Round "5"]
[White "Roggenstein, Bruno"]
[Black "Hinz, Ekkehard"]
[Result "1-0"]
[WhiteElo "1912"]
[BlackElo "2042"]
[PlyCount "75"]
[EventDate "2010.05.29"]
[EventType "swiss"]
[EventRounds "9"]
[EventCountry "GER"]
[SourceTitle "EXT 2011"]
[Source "ChessBase"]
[SourceDate "2010.11.26"]
[SourceVersion "1"]
[SourceVersionDate "2010.11.26"]
[SourceQuality "1"]

1. d4 Nf6 2. c4 e6 3. Nf3 b6 4. g3 Bb7 5. Bg2 Bb4+ 6. Bd2 Be7 7. Nc3 0-0 8. 0-0 d5 9. cxd5 exd5 10. Rc1 Nbd7 11. e3 c5 12. b3 Ne4 13. Be1 Nxc3 14. Bxc3 f6 15. dxc5 bxc5 16. Nh4 Ne5 17. f4 Ng6 18. Nf5 Rf7 19. Qd3 Bf8 20. Rfd1 Qb6 21. Kh1 Rd8 22. Qd2 Qe6 23. Qc2 Ne7 24. Nh4 g6 25. Re1 Qb6 26. Rcd1 d4 27. exd4 Bxg2+ 28. Qxg2 cxd4 29. Bb2 Qb4 30. Re4 Nc6 31. Nf3 Rfd7 32. Qc2 Qb6 33. Re6 Rd6 34. Rxd6 Rxd6 35. Qc4+ Kg7 36. Nd2 Rd7 37. Rc1 Qb7 38. Qxc6 1-0

[Event "Baden-ch Seniors"]
[Site "Haslach im Kinzigtal"]
[Date "2010.06.01"]
[Round "4"]
[White "Roggenstein, Bruno"]
[Black "Daebel, Hasso"]
[Result "1-0"]
[WhiteElo "1912"]
[BlackElo "1753"]
[PlyCount "75"]
[EventDate "2010.05.29"]
[EventType "swiss"]
[EventRounds "9"]
[EventCountry "GER"]
[SourceTitle "EXT 2011"]
[Source "ChessBase"]
[SourceDate "2010.11.26"]
[SourceVersion "1"]
[SourceVersionDate "2010.11.26"]
[SourceQuality "1"]

1. d4 d5 2. c4 c6 3. cxd5 cxd5 4. Nc3 Nf6 5. Nf3 e6 6. Bg5 h6 7. Bh4 a6 8. h3 Bd6 9. e3 g5 10. Bg3 Bxg3 11. fxg3 Ne4 12. Nxe4 dxe4 13. Nd2 f5 14. Bc4 Qb6 15. Bb3 Nc6 16. 0-0 Nxd4 17. Nc4 Qd8 18. exd4 b5 19. Qh5+ Ke7 20. Ne3 Qxd4 21. Rae1 Bd7 22. Kh1 Be8 23. Qe2 Qe5 24. Qf2 Rf8 25. Ng4 Qg7 26. Qc5+ Kf7 27. Ne5+ Kf6 28. Rxe4 Qe7 29. Qc3 Kg7 30. Ng4+ Kh7 31. Rxe6 Qg7 32. Rxh6+ Qxh6 33. Nxh6 Kxh6 34. Qc5 Bg6 35. Be6 Rf6 36. Bxf5 Raf8 37. g4 Bf7 38. Qxf8# 1-0

[Event "Chiemgau Seniors Cup 3th"]
[Site "Bergen"]
[Date "2007.10.29"]
[Round "8"]
[White "Roggenstein, Bruno"]
[Black "Sandner, Josef"]
[Result "1-0"]
[WhiteElo "1761"]
[BlackElo "1489"]
[PlyCount "131"]
[EventDate "2007.10.22"]
[EventType "swiss"]
[EventRounds "9"]
[EventCountry "GER"]
[SourceTitle "EXT 2008"]
[Source "ChessBase"]
[SourceDate "2007.11.25"]
[SourceVersion "1"]
[SourceVersionDate "2007.11.25"]
[SourceQuality "1"]

1. d4 d5 2. c4 c6 3. cxd5 cxd5 4. Nc3 e6 5. Nf3 Bd6 6. Bg5 f6 7. Bd2 Nd7 8. e3 f5 9. Bd3 Ngf6 10. 0-0 0-0 11. h3 Ne4 12. Nb5 Ndf6 13. Nxd6 Qxd6 14. Be1 a6 15. a3 Qd8 16. Ne5 Nd7 17. Nf3 b5 18. Rc1 Bb7 19. Bb4 Rf7 20. Rc2 Rc8 21. Bxe4 fxe4 22. Rxc8 Qxc8 23. Ng5 Rf6 24. h4 Qe8 25. Qg4 h6 26. Nh3 Rg6 27. Qf4 e5 28. dxe5 Nxe5 29. Bc3 Re6 30. Qg3 Bc8 31. Nf4 Rd6 32. Rd1 Bb7 33. Kh1 Kh7 34. Ne2 Re6 35. Nf4 Rd6 36. Nxd5 Bxd5 37. Bxe5 Rg6 38. Qf4 Qe6 39. Bc3 h5 40. Kh2 Rg4 41. Qe5 Rxh4+ 42. Kg1 Qxe5 43. Bxe5 Bc4 44. Rd7 Rg4 45. Ra7 Rg6 46. Bd4 Kg8 47. Kh2 Kh7 48. g3 Rg5 49. Rxa6 h4 50. Ra7 hxg3+ 51. fxg3 Be2 52. Rd7 Rh5+ 53. Kg1 Rg5 54. Kg2 Bc4 55. Kh3 Bf1+ 56. Kh4 Kh6 57. Rb7 g6 58. Rb8 Rh5+ 59. Kg4 Rg5+ 60. Kf4 Rf5+ 61. Kxe4 Bg2+ 62. Kd3 Bf1+ 63. Kc3 Rf3 64. Rh8+ Kg5 65. Rh1 Rxg3 66. Rxf1 1-0

[Event "Chiemgau Seniors Cup 3th"]
[Site "Bergen"]
[Date "2007.10.26"]
[Round "5"]
[White "Harke, Horst"]
[Black "Roggenstein, Bruno"]
[Result "1/2-1/2"]
[WhiteElo "1665"]
[BlackElo "1761"]
[PlyCount "33"]
[EventDate "2007.10.22"]
[EventType "swiss"]
[EventRounds "9"]
[EventCountry "GER"]
[SourceTitle "EXT 2008"]
[Source "ChessBase"]
[SourceDate "2007.11.25"]
[SourceVersion "1"]
[SourceVersionDate "2007.11.25"]
[SourceQuality "1"]

1. d4 d5 2. c4 e6 3. e3 Nf6 4. Nc3 a6 5. b3 Be7 6. Bd3 Nbd7 7. Nf3 c6 8. 0-0 0-0 9. Qc2 g6 10. e4 dxe4 11. Nxe4 Nxe4 12. Bxe4 Nf6 13. Bh6 Re8 14. Rad1 Qc7 15. Bg5 Nxe4 16. Qxe4 Bxg5 17. Nxg5 1/2-1/2

[Event "Chiemgau Seniors Cup 3th"]
[Site "Bergen"]
[Date "2007.10.25"]
[Round "4"]
[White "Roggenstein, Bruno"]
[Black "Baumgartner, Andreas"]
[Result "1-0"]
[WhiteElo "1761"]
[BlackElo "1662"]
[PlyCount "99"]
[EventDate "2007.10.22"]
[EventType "swiss"]
[EventRounds "9"]
[EventCountry "GER"]
[SourceTitle "EXT 2008"]
[Source "ChessBase"]
[SourceDate "2007.11.25"]
[SourceVersion "1"]
[SourceVersionDate "2007.11.25"]
[SourceQuality "1"]

1. d4 Nf6 2. c4 e6 3. Nf3 b6 4. Bg5 Bb7 5. e3 Be7 6. Nc3 d5 7. Bd3 dxc4 8. Bxc4 0-0 9. 0-0 Nbd7 10. Qe2 Nd5 11. Bxe7 Qxe7 12. Rac1 N7f6 13. Ne5 c6 14. Ba6 Rfc8 15. Bxb7 Qxb7 16. a3 c5 17. Nb5 Qa6 18. Qd3 cxd4 19. Nxd4 Qxd3 20. Nxd3 Kf8 21. Ne5 a6 22. g4 h6 23. Kg2 Ne4 24. Rfe1 g5 25. h3 Ne7 26. Nd7+ Ke8 27. Nxb6 Rxc1 28. Rxc1 Rb8 29. Nc4 Nd5 30. Rc2 Kd7 31. Ne5+ Ke8 32. Kf3 Nef6 33. Nd3 Nd7 34. e4 Ne7 35. Ke3 e5 36. Nf5 Nxf5+ 37. exf5 f6 38. b4 Ke7 39. Ke4 Rb6 40. Rc7 Kd8 41. Rc4 Ke7 42. Nc5 Rc6 43. Rc3 a5 44. Kd5 Rd6+ 45. Kc4 Rd4+ 46. Kb5 axb4 47. axb4 Rf4 48. f3 h5 49. Ne4 hxg4 50. hxg4 1-0

[Event "Baden-ch Seniors"]
[Site "Oberwinden"]
[Date "2007.04.13"]
[Round "8"]
[White "Szenetra, Werner"]
[Black "Roggenstein, Bruno"]
[Result "1-0"]
[WhiteElo "2183"]
[BlackElo "1915"]
[PlyCount "72"]
[EventDate "2007.04.06"]
[EventType "swiss"]
[EventRounds "9"]
[EventCountry "GER"]
[SourceTitle "CBM 117 Extra"]
[Source "ChessBase"]
[SourceDate "2007.05.09"]
[SourceVersion "1"]
[SourceVersionDate "2007.05.09"]
[SourceQuality "1"]

1. Nf3 e6 2. d3 d5 3. g3 Nf6 4. Bg2 c5 5. 0-0 Nc6 6. Nbd2 Be7 7. e4 0-0 8. Re1 Re8 9. c3 Bf8 10. e5 Nd7 11. Nf1 Be7 12. h4 Qc7 13. Bf4 b5 14. N1h2 Bb7 15. h5 Qd8 16. Qd2 Kh8 17. Ng4 Rg8 18. Bg5 Bxg5 19. Nxg5 Qe7 20. h6 Raf8 21. Nxh7 f5 22. exf6 gxf6 23. Nxf8 Nxf8 24. Qf4 Nh7 25. Bxd5 e5 26. Bxg8 exf4 27. Rxe7 Nxe7 28. Bxh7 Kxh7 29. Re1 Ng6 30. Nxf6+ Kxh6 31. Ng8+ Kg5 32. Ne7 fxg3 33. Nxg6 gxf2+ 34. Kxf2 Kxg6 35. Re5 b4 36. c4 Kg7 1-0

[Event "Baden-ch Seniors"]
[Site "Oberwinden"]
[Date "2007.04.12"]
[Round "7"]
[White "Roggenstein, Bruno"]
[Black "Papa, Heiner"]
[Result "1-0"]
[WhiteElo "1915"]
[BlackElo "1928"]
[PlyCount "103"]
[EventDate "2007.04.06"]
[EventType "swiss"]
[EventRounds "9"]
[EventCountry "GER"]
[SourceTitle "CBM 117 Extra"]
[Source "ChessBase"]
[SourceDate "2007.05.09"]
[SourceVersion "1"]
[SourceVersionDate "2007.05.09"]
[SourceQuality "1"]

1. d4 Nf6 2. c4 e5 3. d5 Ne4 4. Nf3 Bb4+ 5. Bd2 Qe7 6. e3 0-0 7. Be2 c6 8. 0-0 Nxd2 9. Nbxd2 Na6 10. Ne4 f5 11. Nc3 Nc7 12. a3 Bd6 13. b4 e4 14. Ne1 Qe5 15. g3 Qxc3 16. dxc6 Be5 17. Ra2 dxc6 18. Nc2 Be6 19. Nd4 Bxc4 20. Bxc4+ Qxc4 21. Rc2 Qf7 22. Ne2 Rad8 23. Rd2 Qe7 24. Qc2 Rxd2 25. Qxd2 Rd8 26. Qc2 Qd6 27. Nc3 Qd3 28. Qa2+ Nd5 29. Na4 b5 30. Nc5 Qc4 31. Qd2 Qc3 32. Qd1 Qxa3 33. Qh5 g6 34. Qh6 Re8 35. h4 Qxb4 36. Nd7 Qe7 37. Nxe5 Qxe5 38. h5 Qf6 39. hxg6 Qxg6 40. Qh4 a5 41. Kg2 a4 42. Rg1 a3 43. Kh2 Kg7 44. g4 Qh6 45. gxf5+ Qg6 46. fxg6 hxg6 47. Qg4 Rh8+ 48. Kg2 Nf6 49. Qe6 Re8 50. Qxc6 b4 51. Qb7+ Kg8 52. Qxb4 1-0

[Event "Baden-ch Seniors"]
[Site "Oberwinden"]
[Date "2007.04.10"]
[Round "5"]
[White "Roggenstein, Bruno"]
[Black "Pollermann, Werner"]
[Result "1-0"]
[WhiteElo "1915"]
[BlackElo "1738"]
[PlyCount "105"]
[EventDate "2007.04.06"]
[EventType "swiss"]
[EventRounds "9"]
[EventCountry "GER"]
[SourceTitle "CBM 117 Extra"]
[Source "ChessBase"]
[SourceDate "2007.05.09"]
[SourceVersion "1"]
[SourceVersionDate "2007.05.09"]
[SourceQuality "1"]

1. d4 c5 2. d5 d6 3. c4 e5 4. e4 g6 5. Bd3 Bg7 6. Nc3 Ne7 7. Nge2 0-0 8. 0-0 a6 9. f4 Nd7 10. Ng3 exf4 11. Bxf4 Ne5 12. Be2 h6 13. Qd2 Kh7 14. Kh1 g5 15. Be3 N7g6 16. Nf5 f6 17. b3 Rb8 18. Rf2 Bd7 19. Nxd6 Bg4 20. Nf5 Bxe2 21. Qxe2 b6 22. Rd1 Ne7 23. Qh5 Nxf5 24. Rxf5 Qd6 25. Bf2 Rfe8 26. Bg3 Re7 27. Rdf1 Rbb7 28. h4 Kg8 29. Bxe5 Rxe5 30. Qg6 Rxf5 31. Qxf5 Re7 32. hxg5 hxg5 33. Rf3 Qd7 34. Kh2 Qd6+ 35. g3 Qd7 36. Qxd7 Rxd7 37. Rf5 Rd6 38. Kg2 Bf8 39. Kf3 Be7 40. Nd1 Kg7 41. Ne3 b5 42. Kg4 Kg6 43. e5 fxe5 44. Rxe5 Bf6 45. Re6 Rxe6 46. dxe6 bxc4 47. bxc4 a5 48. a4 Bb2 49. Nd5 Bc1 50. e7 Kf7 51. Kf5 Bd2 52. Ke5 Be1 53. Kd6 1-0

[Event "Staufer Seniors op 12th"]
[Site "Schwaebisch Gmuend"]
[Date "2006.01.06"]
[Round "7"]
[White "Foehl, Frithjof"]
[Black "Roggenstein, Bruno"]
[Result "1-0"]
[WhiteElo "1935"]
[BlackElo "1879"]
[PlyCount "105"]
[EventDate "2006.01.02"]
[EventType "swiss"]
[EventRounds "9"]
[EventCountry "GER"]
[SourceTitle "EXT 2007"]
[Source "ChessBase"]
[SourceDate "2006.11.23"]
[SourceVersion "1"]
[SourceVersionDate "2006.11.23"]
[SourceQuality "1"]

1. d4 d5 2. Nf3 Nf6 3. c4 e6 4. a3 Be7 5. Nc3 a6 6. e3 dxc4 7. Bxc4 b5 8. Bd3 Bb7 9. 0-0 Nbd7 10. Qe2 0-0 11. Rd1 Qe8 12. e4 Qc8 13. e5 Nd5 14. Ng5 g6 15. Nxh7 Kxh7 16. Qh5+ Kg8 17. Bxg6 N7f6 18. exf6 Nxf6 19. Qh6 fxg6 20. Qxg6+ Kh8 21. Rd3 e5 22. Bg5 Nh7 23. Bxe7 Qf5 24. Qxf5 Rxf5 25. dxe5 Rxe5 26. Bh4 Rae8 27. Kf1 Bc8 28. Rad1 Be6 29. Nd5 c6 30. Ne3 Kg7 31. Bg3 Rc5 32. Rd8 Rxd8 33. Rxd8 a5 34. Ke2 Ng5 35. f3 Kf7 36. Rd2 Bb3 37. Rd3 Bc4 38. Nxc4 Rxc4 39. Rc3 Rxc3 40. bxc3 Ke6 41. Kd3 Kd5 42. h4 Ne6 43. h5 Ng5 44. Bh4 Nh7 45. f4 c5 46. g4 b4 47. cxb4 cxb4 48. axb4 axb4 49. g5 Ke6 50. g6 Nf6 51. Bxf6 Kxf6 52. Kc4 Kg7 53. Kxb4 1-0

[Event "Schwarzwald Seniors op 12th"]
[Site "Steinach"]
[Date "2004.05.13"]
[Round "9"]
[White "Schneider, Miloca"]
[Black "Roggenstein, Bruno"]
[Result "1/2-1/2"]
[WhiteElo "1812"]
[BlackElo "1853"]
[PlyCount "22"]
[EventDate "2004.03.29"]
[EventType "swiss"]
[EventRounds "9"]
[EventCountry "GER"]
[SourceTitle "EXT 2006"]
[Source "ChessBase"]
[SourceDate "2005.11.24"]
[SourceVersion "1"]
[SourceVersionDate "2005.11.24"]
[SourceQuality "1"]

1. d4 d5 2. c4 e6 3. Nc3 Nf6 4. Bg5 Be7 5. e3 0-0 6. Nf3 a6 7. cxd5 exd5 8. Qc2 c6 9. Bd3 g6 10. Bh6 Re8 11. Ne5 Ng4 1/2-1/2

[Event "Schwarzwald Seniors op 12th"]
[Site "Steinach"]
[Date "2004.05.13"]
[Round "8"]
[White "Wittkugel, Friedhelm"]
[Black "Roggenstein, Bruno"]
[Result "1-0"]
[WhiteElo "1883"]
[BlackElo "1853"]
[PlyCount "123"]
[EventDate "2004.03.29"]
[EventType "swiss"]
[EventRounds "9"]
[EventCountry "GER"]
[SourceTitle "EXT 2006"]
[Source "ChessBase"]
[SourceDate "2005.11.24"]
[SourceVersion "1"]
[SourceVersionDate "2005.11.24"]
[SourceQuality "1"]

1. d4 d5 2. Bg5 Nd7 3. Nf3 Ngf6 4. Nbd2 e6 5. e4 dxe4 6. Nxe4 Be7 7. Nxf6+ Bxf6 8. Be3 0-0 9. Bd3 Be7 10. Qe2 f5 11. Bc4 Nf6 12. Ng5 Nd5 13. Nf3 Bf6 14. Bd2 a6 15. c3 b5 16. Bb3 Re8 17. Ne5 Qd6 18. 0-0 c5 19. c4 bxc4 20. Nxc4 Qc7 21. dxc5 Qxc5 22. Rac1 Qb5 23. Qf3 Rd8 24. Rfe1 Nc7 25. Bf4 Bb7 26. Qg3 Ne8 27. Rxe6 Bd5 28. Rb6 Qc5 29. Be3 Bd4 30. Bxd4 Qxd4 31. Qe3 Qg4 32. f3 Qh4 33. Ne5 Nf6 34. g3 Qh5 35. Bxd5+ Nxd5 36. Qb3 Qe8 37. Re1 h6 38. Nd3 Qf7 39. Rb7 Rd7 40. Rxd7 Qxd7 41. Nf4 Rd8 42. Rd1 Kh7 43. Rxd5 Qa7+ 44. Kg2 Rf8 45. Qd3 Qb6 46. b3 Qf6 47. Rd6 Qb2+ 48. Qd2 Qa1 49. Qe2 Ra8 50. Rd1 Qc3 51. Qd2 Qc6 52. Qd3 Rf8 53. Qd6 Qc8 54. Rd2 Rf6 55. Qd7 Qf8 56. h4 Rf7 57. Qd3 Rf6 58. h5 Qc8 59. Ng6 Re6 60. g4 Kg8 61. Qd5 fxg4 62. Ne7+ 1-0

[Event "Schwarzwald Seniors op 12th"]
[Site "Steinach"]
[Date "2004.04.03"]
[Round "3"]
[White "Roggenstein, Bruno"]
[Black "Mueller, Wolfgang"]
[Result "1/2-1/2"]
[WhiteElo "1853"]
[BlackElo "1782"]
[PlyCount "59"]
[EventDate "2004.03.29"]
[EventType "swiss"]
[EventRounds "9"]
[EventCountry "GER"]
[SourceTitle "EXT 2006"]
[Source "ChessBase"]
[SourceDate "2005.11.24"]
[SourceVersion "1"]
[SourceVersionDate "2005.11.24"]
[SourceQuality "1"]

1. d4 Nf6 2. c4 e6 3. Nf3 d5 4. Nc3 a6 5. a4 b6 6. Bg5 Be7 7. e3 dxc4 8. Bxc4 Bb7 9. 0-0 Nbd7 10. Qe2 h6 11. Bh4 0-0 12. Rac1 c5 13. Rfd1 Nd5 14. Bxe7 Nxc3 15. Rxc3 Qxe7 16. e4 cxd4 17. Rxd4 Nc5 18. b3 e5 19. Rd1 Bxe4 20. Re3 Bxf3 21. Qxf3 Rad8 22. Rde1 e4 23. Qg3 Qd6 24. Qg4 Qd4 25. Rg3 Nd3 26. Rf1 Nc5 27. Qh4 Rd6 28. Qh5 Qf6 29. Re3 Rfd8 30. h3 1/2-1/2